| 000 | 01033nam a2200277 i 4500 | ||
|---|---|---|---|
| 001 | bg | ||
| 100 | 1 | _aSULLIVAN, Malcolm | |
| 245 | 1 | 0 |
_aMarketing w handlu detalicznym / _cMalcolm Sullivan, Dennis Adcock ; przeł. Grzegorz Łuczkiewicz. |
| 246 |
_iTyt. oryg.: _a. Na okł. podtyt.: sprzedaż, obsługa klienta. |
||
| 260 |
_aKraków : _bOficyna Ekonomiczna. Oddział Polskich Wydawnictw Profesjonalnych, _c2003. |
||
| 300 |
_a444 s. ; _c24 cm. |
||
| 500 | _aTyt. oryg.: Retail marketing". Na okł. podtyt.: sprzedaż, obsługa klienta. | ||
| 504 | _aBibliogr. przy rozdz. - Indeks. | ||
| 650 | 9 |
_aHandel detaliczny _xmarketing |
|
| 655 | _aPoradniki | ||
| 700 | 1 | _aADCOCK, Dennis | |
| 700 | 1 |
_aŁUCZKIEWICZ, Grzegorz. _eRed. |
|
| 020 | _a8389355094 | ||
| 040 | _cBPK | ||
| 041 | 1 |
_apol _beng |
|
| 080 | _a339.3:339.138 | ||
| 920 | _a83-89355-09-4 | ||
| 942 | _cKS | ||
| 008 | s pl f |000 0 pol | ||
| 999 |
_c43308 _d43308 |
||
| 856 |
_uhttp://koha.tu.koszalin.pl/cgi-bin/koha/opac-detail.pl?biblionumber=43308 _yKatalog online BPK |
||